Strategic planning and control in complex project management / editors, Wenxin Shen, Wenzhe Tang, Jin Xue. (Record no. 22445)

000 -LEADER
fixed length control field 01144nam a2200229 4500
020 ## - INTERNATIONAL STANDARD BOOK NUMBER
ISBN 9783725838653
082 ## - DEWEY DECIMAL CLASSIFICATION NUMBER
Classification number 658.404
Item number St8983 2025
245 ## - TITLE STATEMENT
Title Strategic planning and control in complex project management / editors, Wenxin Shen, Wenzhe Tang, Jin Xue.
260 ## - PUBLICATION, DISTRIBUTION, ETC. (IMPRINT)
Place of publication Basel :
Name of publisher MDPI,
Year of publication 2025.
300 ## - PHYSICAL DESCRIPTION
Number of Pages 1 online resource, viii, 281 pages :
Other physical details illustrations ; 24 cm
490 ## - SERIES STATEMENT
Series statement Special Issue Reprint
500 ## - GENERAL NOTE
General note Includes bibliographical reference.




500 ## - GENERAL NOTE
General note Reprint of articles originally published in the journal Buildings.




520 ## - SUMMARY, ETC.
Summary, etc This collection addresses the challenges of planning and control in complex project management. It explores topics such as communication networks, innovation behavior, digital twins, resilience evaluation, supply chain management, and digital transformation in construction and engineering projects.
650 ## - SUBJECT ADDED ENTRY--TOPICAL TERM
Topical Term Project management
650 ## - SUBJECT ADDED ENTRY--TOPICAL TERM
Topical Term Strategic planning
650 ## - SUBJECT ADDED ENTRY--TOPICAL TERM
Topical Term Complex organizations.
650 ## - SUBJECT ADDED ENTRY--TOPICAL TERM
Topical Term Industrial project management.
650 ## - SUBJECT ADDED ENTRY--TOPICAL TERM
Topical Term Construction management.
700 ## - ADDED ENTRY--PERSONAL NAME
Personal name Tang, Wenzhe, editor. Xue, Jin, editor.
942 ## - ADDED ENTRY ELEMENTS (KOHA)
Koha item type Electronic Books
Holdings
Source of acquisition Permanent Location Date acquired Collection code Koha item type Lost status Shelving location Withdrawn status Current Location Full call number
DonationCagayan State University - Carig Library2026-04-22E-BooksElectronic Books E-Resource Section Cagayan State University - Carig Library658.404 St8983 2025

Cagayan State University University Library, Carig Campus
Tuguegarao City, Cagayan 3500 | www.csucarig.edu.ph

Powered by Koha